[Event "Challenge"]
[Site "http://www.queenalice.com/game.php?id=258352"]
[Date "2007.8.20"]
[Round "-"]
[White "Valesca"]
[Black "DundeeCake"]
[Result "0-1"]
[WhiteElo "1258"]
[BlackElo "1291"]

1. e4 e5 2. Nf3 d6 3. Nc3 Bg4 4. h3 Be6 5. b3 Nf6 6. Bb2 Be7 7. Qe2 c5 8. Qb5+
Qd7 9. Qxd7+ Nbxd7 10. Bb5 a6 11. Bxd7+ Nxd7 12. Ng5 Bxg5 13. O-O-O O-O 0-1

[Event "Challenge"]
[Site "http://www.queenalice.com/game.php?id=258915"]
[Date "2007.8.21"]
[Round "-"]
[White "DundeeCake"]
[Black "catfishcore"]
[Result "1-0"]
[WhiteElo "1255"]
[BlackElo "1253"]

1. e4 b6 2. Nc3 Bb7 3. Bc4 e6 4. d4 Bb4 5. Bd2 Qf6 6. e5 Qg6 7. g3 Bxh1 8. Qe2
d6 9. O-O-O f6 10. Nh3 Bb7 11. exd6 Bxd6 12. Bxe6 Ne7 13. Nd5 c6 14. Nxe7 Bxe7
15. Nf4 Qg5 16. Nd5 Qg6 17. Nc7+ Kf8 18. Nxa8 Na6 19. Nxb6 Nb4 20. Bxb4 axb6 21.
Bxe7+ Kxe7 22. Bf5+ 1-0

[Event "Challenge"]
[Site "http://www.queenalice.com/game.php?id=258916"]
[Date "2007.8.21"]
[Round "-"]
[White "catfishcore"]
[Black "DundeeCake"]
[Result "0-1"]
[WhiteElo "1253"]
[BlackElo "1354"]

1. Nf3 g6 2. d4 Bg7 3. e4 e6 4. Nc3 Ne7 5. Bf4 O-O 6. Nb5 d6 7. Bc4 a6 8. Nc3 c6
9. Qe2 d5 10. Bb3 b5 11. e5 f6 12. O-O-O a5 13. a4 b4 14. Nb1 Ba6 15. Qe3 Nf5
16. Qe1 Nd7 17. g4 Ne7 18. h4 f5 19. Qg1 Be2 20. Rd2 Bxf3 21. Rh2 Bxg4 22. c3 c5
23. Bd1 cxd4 24. Rxd4 Bxd1 25. Kxd1 Nxe5 26. Qg3 Ng4 27. Rh3 Bxd4 28. cxd4 Qb6
29. Be5 Nxe5 30. Qxe5 Rae8 31. h5 Nc6 32. Qg3 Qxd4+ 33. Nd2 Qg4+ 0-1

[Event "Challenge"]
[Site "http://www.queenalice.com/game.php?id=260448"]
[Date "2007.8.24"]
[Round "-"]
[White "alysson_wander"]
[Black "DundeeCake"]
[Result "0-1"]
[WhiteElo "1260"]
[BlackElo "1376"]

1. c4 e5 2. Nf3 d6 3. Qa4+ Bd7 4. Qb4 Bc6 5. g4 d5 6. Qc3 d4 7. Qd3 e4 8. Qxd4
exf3 9. exf3 Qxd4 10. d3 Bxf3 11. Rg1 Nf6 12. Be3 Qxb2 13. Bxa7 Qc1# 0-1

[Event "Challenge"]
[Site "http://www.queenalice.com/game.php?id=263831"]
[Date "2007.8.30"]
[Round "-"]
[White "mogerio"]
[Black "DundeeCake"]
[Result "0-1"]
[WhiteElo "1340"]
[BlackElo "1322"]

1. e4 e5 2. d4 exd4 3. Qxd4 Nf6 4. Nc3 Nc6 5. Qd3 Bb4 6. a3 Bxc3+ 7. Qxc3 O-O 8.
e5 Nxe5 9. Qb3 Re8 10. Bc4 Nxc4+ 11. Kd1 Qe7 12. Qxc4 Qe1# 0-1

[Event "Challenge"]
[Site "http://www.queenalice.com/game.php?id=267568"]
[Date "2007.9.6"]
[Round "-"]
[White "robertolanger"]
[Black "DundeeCake"]
[Result "0-1"]
[WhiteElo "1296"]
[BlackElo "1436"]

1. e3 e5 2. Qh5 Qf6 3. Nf3 d6 4. Nc3 g6 5. Qg5 c6 6. d4 Qxg5 7. Nxg5 Bh6 8. f4
exd4 9. Nce4 Bxg5 10. fxg5 dxe3 11. Nxd6+ Ke7 12. Ne4 Bf5 13. Nc5 b6 14. Nb7 Kd7
15. Bxe3 Kc7 16. Nd8 Kxd8 17. O-O-O+ Kc7 18. Bf4+ Kb7 19. Bc4 f6 20. gxf6 Nxf6
21. Be5 Rf8 22. Rhf1 Nbd7 23. Rf3 Nxe5 24. Re3 Nxc4 25. Rd4 Na5 26. b4 c5 27.
Rf4 Nd5 28. Re1 Nxf4 29. Re7+ Kc6 30. Rxh7 Nc4 31. g3 Rfe8 32. h4 Re1# 0-1

[Event "Challenge"]
[Site "http://www.queenalice.com/game.php?id=287868"]
[Date "2007.10.17"]
[Round "-"]
[White "DundeeCake"]
[Black "Evolution"]
[Result "1-0"]
[WhiteElo "1454"]
[BlackElo "1391"]

1. e4 b6 2. Nc3 Bb7 3. Bc4 Nf6 4. Nf3 d5 5. exd5 Nxd5 6. O-O g6 7. d3 e6 8. Re1
Qd6 9. Ng5 h6 10. Nge4 Qe5 11. Nc5 Qg5 12. Bxg5 hxg5 13. Nxb7 c6 14. Bxd5 cxd5
15. Nxd5 Nd7 16. Nc7+ Ke7 17. Nxa8 Bg7 18. Nc7 Be5 19. Nb5 Bxh2+ 20. Kf1 Be5 21.
d4 Rh1+ 22. Ke2 Rh2 23. dxe5 Nxe5 24. Qd6+ Kf6 25. Nd4 Nc4 26. Qd8+ Kg7 27.
Nxe6+ fxe6 28. Qe7+ Kh6 29. Rh1 Rh5 30. Rxh5+ Kxh5 31. Rh1+ Kg4 32. Qxe6+ Kf4
33. g3# 1-0

[Event "Challenge"]
[Site "http://www.queenalice.com/game.php?id=287875"]
[Date "2007.10.17"]
[Round "-"]
[White "DundeeCake"]
[Black "bjphillips"]
[Result "0-1"]
[WhiteElo "1529"]
[BlackElo "1689"]

1. e4 c5 2. Nc3 d6 3. Bc4 Nf6 4. Qf3 g6 5. Nd5 Bg7 6. d3 O-O 7. Nh3 Na6 8. Bxa6
Nxd5 9. Bc4 Nf6 10. O-O a6 11. a4 Bd7 12. Re1 b5 13. axb5 axb5 14. Rxa8 Qxa8 15.
Bd5 Nxd5 16. exd5 Re8 17. Ng5 Bf5 18. g4 h6 19. gxf5 hxg5 20. Bxg5 Qa5 21. c3
Qa8 22. fxg6 fxg6 23. Rxe7 Rxe7 24. Bxe7 Qa1+ 25. Kg2 Qxb2 26. c4 bxc4 27. dxc4
Qe5 28. Bh4 Qd4 29. Qe2 Qxh4 30. Qe6+ Kh7 31. Qxd6 Qxc4 32. Qc6 Qe4+ 33. f3 Qe2+
34. Kg3 Be5+ 35. Kg4 Qg2+ 36. Kh4 Qxh2+ 0-1

[Event "Challenge"]
[Site "http://www.queenalice.com/game.php?id=288303"]
[Date "2007.10.17"]
[Round "-"]
[White "DundeeCake"]
[Black "wonderknight"]
[Result "1-0"]
[WhiteElo "1472"]
[BlackElo "1517"]

1. e4 c5 2. Nc3 d6 3. Bc4 e6 4. Nf3 Nc6 5. O-O Nf6 6. d3 Na5 7. Nd2 Nxc4 8. Nxc4
Be7 9. f4 d5 10. exd5 Nxd5 11. Nxd5 1-0

[Event "Challenge"]
[Site "http://www.queenalice.com/game.php?id=322545"]
[Date "2007.12.19"]
[Round "-"]
[White "Bixu"]
[Black "DundeeCake"]
[Result "0-1"]
[WhiteElo "1673"]
[BlackElo "1576"]

1. e3 e5 2. Qf3 Nf6 3. d4 e4 4. Qf4 Bd6 5. Qg5 O-O 6. Bc4 h6 7. Qf5 Bb4+ 8. c3
d5 9. Bb3 Bxc3+ 10. bxc3 Bxf5 11. Bc2 Nh5 12. h3 Nf6 13. g4 Be6 14. f4 Nc6 15.
f5 Bd7 16. Na3 a6 17. c4 dxc4 18. d5 Nxd5 19. Nxc4 Ncb4 20. Bb3 Qh4+ 21. Kd2 Qg3
22. Ne2 Qg2 23. Ba3 Bb5 24. Bxb4 Nxb4 25. a4 Bxc4 26. Bxc4 Rad8+ 27. Kc3 Nd5+
28. Kd2 Nb6+ 29. Kc3 Nxc4 30. Nd4 Nxe3 31. Rae1 c5 32. Ne2 b5 33. Rhg1 Qxh3 34.
Rg3 Rd3+ 35. Kb2 Nd1+ 36. Kc1 Rxg3 37. Nxg3 Qxg3 38. Rxd1 Qc3+ 39. Kb1 bxa4 40.
Rc1 Rb8+ 41. Ka2 Qb2# 0-1

[Event "Challenge"]
[Site "http://www.queenalice.com/game.php?id=343337"]
[Date "2008.1.26"]
[Round "-"]
[White "DundeeCake"]
[Black "Mars"]
[Result "1-0"]
[WhiteElo "1608"]
[BlackElo "1438"]

1. e4 d6 2. Nc3 e5 3. Bc4 Nf6 4. Qf3 Nc6 5. Nd5 Be7 6. Ne2 O-O 7. d3 Nd4 8. Nxd4
exd4 9. O-O Nxd5 10. Bxd5 c6 11. Bb3 Bg5 12. Qg3 Bxc1 13. Raxc1 d5 14. f4 Qe7
15. e5 Bf5 16. Qf3 Rac8 17. g4 Be6 18. f5 Qg5 19. fxe6 fxe6 20. Qg3 c5 21. h4
Qd2 22. Rcd1 Rxf1+ 23. Rxf1 c4 24. dxc4 dxc4 25. Ba4 a6 26. Bd7 Rd8 27. Bxe6+
Kh8 28. Qg2 Qe3+ 29. Qf2 g6 30. Qxe3 dxe3 31. Bxc4 b5 32. Bd3 Re8 33. h5 g5 34.
Re1 Rxe5 35. Re2 Kg7 36. Kg2 a5 37. Kf3 Rc5 38. Rxe3 b4 39. b3 h6 40. Bc4 Rc6
41. Re5 Rf6+ 42. Kg3 Rf4 43. Rxa5 Kf6 44. Rb5 Re4 45. Rxb4 Ke5 46. a4 Re3+ 47.
Kf2 Re4 48. a5 Rxg4 49. a6 1-0

[Event "Challenge"]
[Site "http://www.queenalice.com/game.php?id=353116"]
[Date "2008.2.12"]
[Round "-"]
[White "DundeeCake"]
[Black "Garoa_de_sangue"]
[Result "1-0"]
[WhiteElo "1617"]
[BlackElo "1734"]

1. e4 c5 2. Nc3 e5 3. Bc4 Nf6 4. Qf3 a6 5. Nd5 Be7 6. d3 b5 7. Nxf6+ Bxf6 8. Bd5
Ra7 9. Bg5 Bb7 10. Bxf6 Qxf6 11. Qxf6 gxf6 12. Bxb7 Rxb7 13. Nf3 Rg8 14. O-O h5
15. Nh4 Nc6 16. Nf5 Rb6 17. f4 Nb4 18. c3 Nc6 19. fxe5 Nxe5 20. d4 Nd3 21. dxc5
Nxc5 22. Rad1 Nxe4 23. Rfe1 1-0

[Event "Challenge"]
[Site "http://www.queenalice.com/game.php?id=387848"]
[Date "2008.4.15"]
[Round "-"]
[White "vanhoute"]
[Black "DundeeCake"]
[Result "0-1"]
[WhiteElo "1732"]
[BlackElo "1651"]

1. e4 e5 2. Nf3 Nf6 3. Nxe5 Qe7 4. Nf3 Nxe4 5. Be2 d5 6. O-O g6 7. Re1 Bg7 8. d3
Nc5 9. Bf1 Ne6 10. Ng5 O-O 11. Nc3 h6 12. Nxd5 Qd6 13. Nxe6 Bxe6 14. Nf4 Nc6 15.
Nxe6 fxe6 16. Rb1 Ne5 17. Bf4 Rxf4 18. c4 Raf8 19. f3 g5 20. Be2 Ng6 21. Bf1
Bd4+ 22. Kh1 Ne5 23. Be2 c5 24. Rf1 b6 25. g3 R4f6 26. g4 Ng6 27. Qd2 Nh4 28.
Rbe1 Nxf3 29. Bxf3 Rxf3 30. Rxf3 Rxf3 31. Qg2 Qf4 32. h3 e5 33. b3 Qg3 34. Qxg3
Rxg3 35. Kh2 Rxd3 36. Re2 Re3 37. Rxe3 Bxe3 38. Kg2 Kg7 39. Kf3 Bd4 40. Ke4 Kf6
41. a3 Bc3 42. Kd5 Bb2 43. a4 Bc3 44. Ke4 Ke6 45. Kd3 Bb4 46. Ke4 a6 47. Kd3 b5
48. axb5 axb5 49. cxb5 Kd5 50. b6 Ba5 51. b7 Bc7 52. Ke3 e4 0-1